Counties of England With An Empty Map - Statistics

General Stats
  • This quiz has been taken 3,104 times
  • The average score is 40 of 48
Answers on the Map
Answers color-coded by a green-red scale on the quiz's map according to % correct below.
 
Answer Stats
County % Correct
Greater London
95%
Cornwall
93%
North Yorkshire
93%
Essex
92%
Devon
91%
City of London
90%
Kent
90%
Greater Manchester
89%
Oxfordshire
87%
Cambridgeshire
86%
Cumbria
86%
East Sussex
86%
Lancashire
86%
Norfolk
86%
South Yorkshire
86%
West Sussex
86%
East Riding of Yorkshire
85%
Hampshire
85%
Lincolnshire
85%
Somerset
85%
West Yorkshire
85%
Northumberland
84%
Nottinghamshire
84%
Suffolk
84%
Cheshire
83%
City of Bristol
83%
Dorset
83%
Gloucestershire
83%
Leicestershire
83%
Buckinghamshire
82%
Derbyshire
82%
Surrey
82%
Tyne and Wear
82%
Durham
81%
Herefordshire
81%
Hertfordshire
81%
West Midlands
81%
Berkshire
80%
Merseyside
80%
Worcestershire
80%
Bedfordshire
79%
Northamptonshire
79%
Wiltshire
79%
Rutland
78%
Shropshire
78%
Warwickshire
78%
Staffordshire
75%
Isle of Wight
73%
No matching quizzes found
Score Distribution
Percent of People with Each Score
Percentile by Number Answered
Your Score History
You have not taken this quiz